| 000 | 00350nam a2200133Ia 4500 | ||
|---|---|---|---|
| 008 | 240624s9999 xx 000 0 und d | ||
| 041 | _aeng | ||
| 082 | _a658.162 HAR | ||
| 100 | _aHARDING DAVID | ||
| 245 | _aMASTERING THE MERGER FOUR CRITICAL DECIS | ||
| 260 |
_c2004 _aBoston _bHarvard Business Press Books |
||
| 300 | _a240 : p. | ||
| 365 |
_cRS _b28 |
||
| 999 |
_c21275 _d21275 |
||